000 00966nam a2200277Ia 4500
999 _c4786
_d4786
003 OSt
005 20200609175037.0
008 191128s1988 mx gr 000 0 spa d
020 _a968162811X
040 _aCO-JMCR
_cCO-JMCR
041 1 _aspa
_heng
082 0 4 _a330 .122 /
_bD173e
_223
100 1 _aDasgupta, Amiya K.,
_eautor
_95298
245 1 4 _aLas etapas del capitalismo y la teoría económica /
_cAmiya K. Dasgupta ; traducción de Eduardo L. Suárez
250 _aPrimera edición
260 _aMéxico :
_bFondo de Cultura Económica,
_c1988
300 _a196 páginas ;
_c21 cm.
490 0 _aEconomía contemporánea
505 _aLa teoría -- El conflicto -- La planeación
534 _pPhases of capitalism and economic theory and other essays
546 _aTraducido del inglés
650 1 4 _aCapitalismo
_xEconomía
_95299
650 1 4 _aTeoría económica
_95300
700 1 _aSuárez, Eduardo L.,
_etraductor
_94465
942 _2ddc
_cBK